1159 1682 1713 1529 1537 1083 1025 1536 1057 1393 1488 1236 1521 1871 1826 1337 1791 1352 1906 1466 1073 1532 1528 1744 1754 1767 1869 1516 1036 1335 1087 1847 1692 1381 1080 1040 1395 1254 1640 1507 1134 1636 1277 1393 1538 1176 1402 1504 1222 1692 1731 1457 1304 1048 1709 1337 1830 1848 1124 1421 1970 1289 1621 1466 1677 1146 1891 1534 1314 1139 1137 1867 1449 1073 1955 1237 1093 1296 1319 1558 1920 1404 1307 1004 1520 1645 1620 1624 1225 1644 1192 1105 1407 2000 1164 1722 1261 1895 1063 BCNSPRNW ULIB Ver.6.0+V

เปลี่ยนเป็นภาษาไทย

Change to English
 แสดงรายละเอียดบรรณานุกรม
  กลับหน้าหลัก

Brief Record : Get Marc (ISO 2709) : E-mail record : QR code < ปิดหน้าต่าง
LEADER : 00000nam 2200000uu 4500
001    13399126119
003     ULIB
008    180611s2016||||th 000 0 tha d
020     ^a9781438076409 (book with audio CD)
050    ^aPE3235^bL735B
100 1  ^aLougheed, Lin
245 10 ^aBarron The Leader in Test Preparation IELTS Strategies and Tips /^cLin Lougheed
250    ^a2nd ed.
260    ^aHauppauge, N.Y.^bBarron Educational Series,^c2016
300    ^a1audio CD :^bsd.,col ;^c4 3/4 in.^e1book
490 0  ^aIELTS Superpack
590    ^aPurchase-E-17
650  0 ^aInternational English Language Testing System^vStudy guides
650  0 ^aEnglish language^vTextbooks for foreign speakers
650  0 ^aEnglish language^xExaminations^vStudy guides
650  0 ^aVocabulary^xExaminations^vStudy guides
850    ^aPSUCL
945    ^p805^l0^i004206
945    ^p805^l0^i004207
999    ^aวรรณษา ชูชัยมงคล
รายการนี้ยังไม่มีแท็ก
คุณยังไม่ได้ล็อกอิน คุณสามารถมีกิจกรรมร่วมกับเว็บไซต์ได้ แต่ต้องล็อกอินก่อน ::
  ล็อกอิน

รายการสื่อสารสนเทศ

ลำดับที่ ประเภท เลขเรียก/บาร์โค้ด สถานที่ สถานะ
1. วิทยาศาสตร์การแพทย์ และสุขภาพ
หนังสือสำรอง
สถานะ=หนังสือสำรอง
PE3235 L735B ฉ.1 
  Barcode: 004206
ห้องสมุดวิทยาเขตนครสวรรค์
►นวนิยาย:l:Fiction
ถูกยืม กำหนดส่งวันที่ 6 กุมภาพันธ์ 2569
  จอง
2. วิทยาศาสตร์การแพทย์ และสุขภาพ
วิทยาศาสตร์การแพทย์ และสุขภาพ
PE3235 L735B ฉ.2 
  Barcode: 004207
ห้องสมุดวิทยาเขตนครสวรรค์
►นวนิยาย:l:Fiction
บนชั้น

รายการใกล้เคียง
    ผู้แต่ง [Lougheed, Lin]

BibComment


ยังไม่เคยถูกคอมเมนท์

คอมเมนท์ทรัพยากรรายการนี้
  คอมเมนท์: Barron The Leade..


 Copyright 2026. Bcnsprnw @Library